Professional and Practical Considerations for Landscape Design /

Gespeichert in:
Bibliographische Detailangaben
1. Verfasser: Cantor, Steven L. (Verfasst von)
Weitere Verfasser: Chan, Vicky (Illustrationen), Alomar, Richard (Illustrationen)
Format: Buch
Sprache:Englisch
Veröffentlicht: New York : Oxford University Press, 2020
Ausgabe:1. vydanie
Schlagworte:
Tags: Tag hinzufügen
Keine Tags, Fügen Sie das erste Tag hinzu!

MARC

LEADER 00000nam a22000003a 4500
001 0140152
003 SK-STU
005 20260217103915.8
007 ta
008 260216s ----xo-----e------000-0-----d
020 |a 9780190623340 
040 |a STU  |b slo 
041 0 |a eng 
044 |a xxu 
100 1 |a Cantor, Steven L.  |4 aut 
245 1 0 |a Professional and Practical Considerations for Landscape Design /  |c aut. Steven L Cantor; ilus. Vicky Chan, Richard Alomar 
250 |a 1. vydanie 
260 |a New York :  |b Oxford University Press,  |c 2020 
300 |a 494 s. 
650 0 7 |a krajinná architektúra a krajinné plánovanie 
650 0 7 |a príručka 
650 0 7 |a architektonické kreslenie 
650 0 7 |a skica 
650 0 7 |a koncept 
650 0 7 |a stavebné konštrukcie 
650 0 7 |a stavebné materiály 
650 0 7 |a záhrady 
650 0 7 |a zelené strechy 
650 0 7 |a konštrukcia chodníkov 
650 0 7 |a schody 
650 0 7 |a steny 
650 0 7 |a osvetlenie 
650 0 7 |a nábytok 
650 0 7 |a etika 
650 0 7 |a udržateľnosť 
700 1 |a Chan, Vicky  |4 ill 
700 1 |a Alomar, Richard  |4 ill 
996 |b 284AU10659  |c A* 13815/U  |l AAKNST  |s P  |a 0  |w 0140152_0001